Statistics for The Simpsons - Quote to Character

Click here to take the quiz!

General Stats

  • This quiz has been taken 28,993 times
    (4,015 since last reset)
  • The average score is 16 of 30

Answer Stats

Quote Character % Correct
D'oh!Homer
100%
Eat my shortsBart
93%
ExcellentMr. Burns
86%
Ha-ha!Nelson
82%
Hi-diddly-ho, neighborinoNed Flanders
80%
Release the houndsMr. Burns
77%
If anyone wants me, I'll be in my roomLisa
74%
Thank you, come againApu
72%
Worst... episode... everComic Book Guy
68%
Me fail English? That's unpossibleRalph Wiggum
65%
Skinner!Superintendent
Chalmers
65%
I choo-choo-choose you!Ralph Wiggum
62%
Hi, Super Nintendo ChalmersRalph Wiggum
59%
Hi everybody!Dr. Nick
58%
You may remember me from
such films as ...
Troy McClure
54%
Bonjourrrrrrrr, ya cheese-eatin'
surrender monkeys
Groundskeeper
Willie
48%
Ay, ay, ay! No me gusta!Bumblebee Man
47%
You know those guitars that are,
like, double-guitars
Otto Mann
45%
I, for one, welcome our new
insect overlords
Kent Brockman
45%
My Dad's a pretty big wheel down
at the cracker factory
Milhouse
44%
Oy... glavinProfessor Frink
34%
Don't make me run, I'm full of chocolateUter
31%
My eyes! The goggles do nothing!Radioactive Man
29%
A noble spirit embiggens the
Smallest man
Jebediah
Springfield
29%
Gotta nuke somethingNelson
27%
Why, if it isn't my old friend, Mr. McGreg.
With a leg for an arm and an
arm for a leg
Dr. Nick
27%
Uhh, wallet inspectorSnake
25%
Paddlin' the school canoe? Oh, you
better believe that's a paddlin'
Jasper
21%
Stay off the West Side!Cookie Kwan
18%
Now my pants are chafing meJimbo Jones
17%

Score Distribution

Percentile by Number Answered

Percent of People with Each Score

Your Score History

You have not taken this quiz since the last reset